An Indian diary (Record no. 187043)
[ view plain ]
| 000 -LEADER | |
|---|---|
| fixed length control field | 01047 a2200169 4500 |
| 003 - CONTROL NUMBER IDENTIFIER | |
| control field | Nust |
| 005 - DATE AND TIME OF LATEST TRANSACTION | |
| control field | 20170207153454.0 |
| 040 ## - CATALOGING SOURCE | |
| Transcribing agency | Nust |
| 082 ## - DEWEY DECIMAL CLASSIFICATION NUMBER | |
| Classification number | 915.4 |
| 100 ## - MAIN ENTRY--PERSONAL NAME | |
| Personal name | Montagu, Edwin |
| 245 ## - TITLE STATEMENT | |
| Title | An Indian diary |
| Statement of responsibility, etc. | Edwin S Montagu |
| 260 ## - PUBLICATION, DISTRIBUTION, ETC. | |
| Place of publication, distribution, etc. | London |
| Name of publisher, distributor, etc. | William henemann Ltd |
| Date of publication, distribution, etc. | 1930 |
| 300 ## - PHYSICAL DESCRIPTION | |
| Extent | 410:p |
| 505 ## - FORMATTED CONTENTS NOTE | |
| Formatted contents note | Mom bay _ Delhi : November 10 (Page-1) Delhi 1 , Bikaner , Delhi II : November 11-30(Page-15) Calcutta : December 1-13(Page-75) Madras : DEC 14-23 (Page-109) Mom Bay : Dec 24-Jan 2 (Page-139) Gwalior : Jan 3-6(Page-166) Delhi III , Bharatpur I ,Delhi IV : Jan 10-18 (Page -176) Patiala ,Delhi V, The Crocodile Shoot ,Delhi Vi , Dholpur ,Delhi Vii : Jan -18 Feb 7 (Page-203) Kheri : Feb 8-17 (Page-252) Delhi Viii, Bharatpur II< Delhi IX : Feb 18-28 (Page-264) Alwar : March 1-4(Page-290) Delhi X Japur , Delhi Xi Bhopal < Delhi Xii : Mach 5-25 (Page-306) Dehra Dun : March 26-April 15 (Page-341) Simla : April 15-22 (Page-351) Simla to London : April 23-May 11(Page-372) |
| 538 ## - SYSTEM DETAILS NOTE | |
| System details note | Almirah No.60 Shelf No.1 |
| 650 ## - SUBJECT ADDED ENTRY--TOPICAL TERM | |
| Topical term or geographic name entry element | India |
| 942 ## - ADDED ENTRY ELEMENTS (KOHA) | |
| Source of classification or shelving scheme | |
| Koha item type | Book |
| Withdrawn status | Lost status | Source of classification or shelving scheme | Damaged status | Not for loan | Collection code | Permanent Location | Current Location | Date acquired | Total Checkouts | Full call number | Barcode | Date last seen | Price effective from | Koha item type |
|---|---|---|---|---|---|---|---|---|---|---|---|---|---|---|
| Military College of Signals (MCS) | Military College of Signals (MCS) | 12/12/2016 | 915.4 MON | MCS29407 | 12/08/2016 | 12/12/2016 | Book |
